[Event "Open Nuevo Centro. Jornada 5"]
[Site "Chess.com"]
[Date "2020.07.17"]
[Round "5"]
[White "Martínez Cuenca, Jose Andrés"]
[Black "Fitzpatrick Dimas, Andrew"]
[Result "1-0"]
[WhiteElo "990"]
[BlackElo "1056"]
[PlyCount "59"]
[EventDate "2020.??.??"]

1. e4 e5 2. Qh5 Nc6 3. Bc4 g6 4. Qf3 Nf6 5. d3 Nd4 6. Qd1 Bg7 7. b3 O-O 8. Bb2
Nc6 9. Nf3 d6 10. Nbd2 Bg4 11. h3 Bxf3 12. Qxf3 a6 13. O-O b5 14. Bd5 Nxd5 15.
exd5 Nb4 16. Qd1 c6 17. dxc6 Nxc6 18. Qf3 Qd7 19. Qe3 d5 20. Nf3 d4 21. Qe4 Qd6
22. c3 dxc3 23. Bxc3 Rae8 24. Rac1 b4 25. Bb2 Rd8 26. Rxc6 Qxd3 27. Qxd3 Rxd3
28. Bxe5 Rd5 29. Bxg7 Kxg7 30. Rxa6 1-0

[Event "Open Nuevo Centro. Jornada 5"]
[Site "Chess.com"]
[Date "2020.07.17"]
[Round "5"]
[White "Soler Nadal, Jose Antonio"]
[Black "Jordan Martinez, David"]
[Result "0-1"]
[WhiteElo "1516"]
[BlackElo "1781"]
[PlyCount "58"]
[EventDate "2020.??.??"]

1. d4 c5 2. Bf4 cxd4 3. Qxd4 Nc6 4. Qd1 e5 5. Bg3 Nf6 6. e3 d5 7. Nd2 Bb4 8. c3
Bc5 9. Bb5 Qe7 10. Ngf3 Bd6 11. O-O O-O 12. Qe2 Bg4 13. h3 Bh5 14. Rfd1 e4 15.
Bxd6 Qxd6 16. Nxe4 Nxe4 17. g4 Bg6 18. Nh4 Ne5 19. f4 Qf6 20. fxe5 Qxh4 21. Qg2
Rad8 22. Rd4 a6 23. Be2 Rfe8 24. Rad1 Rxe5 25. Bf3 Ng5 26. Bxd5 Rxe3 27. Bxf7+
Nxf7 28. Rxd8+ Nxd8 29. Rxd8+ Qxd8 0-1

[Event "Open Nuevo Centro. Jornada 5"]
[Site "Chess.com"]
[Date "2020.07.17"]
[Round "5"]
[White "Marques Montolio, Luis"]
[Black "Sanchis Bon, Sergi"]
[Result "1-0"]
[WhiteElo "1370"]
[BlackElo "959"]
[PlyCount "67"]
[EventDate "2020.??.??"]

1. e4 e5 2. Nf3 Nf6 3. Nxe5 Nxe4 4. Qe2 f6 5. Qh5+ g6 6. Nxg6 Rg8 7. Nh8+ Ke7
8. Qf7+ Kd6 9. Qxg8 Qe7 10. Be2 Qe5 11. Nf7+ Ke7 12. Nxe5 d6 13. Qxh7+ Kd8 14.
Nf7+ Ke8 15. Nh8 Nc6 16. Qxe4+ Be7 17. Bh5+ Kd8 18. Ng6 Bd7 19. Nxe7 Nxe7 20.
Nc3 Bf5 21. Qf3 Bxc2 22. Qxf6 Bf5 23. O-O Bh7 24. Re1 Kd7 25. Rxe7+ Kc6 26.
Bf3+ Kb6 27. Na4+ Ka5 28. Qd4 Bg8 29. d3 Rf8 30. Bd2+ Ka6 31. Rxc7 Rxf3 32.
gxf3 Bf7 33. Qe4 Be8 34. Qxb7# 1-0

[Event "Open Nuevo Centro. Jornada 5"]
[Site "Chess.com"]
[Date "2020.07.17"]
[Round "5"]
[White "Bosch Jordà, Ricard"]
[Black "Lopez Mateo, Juan Carlos"]
[Result "0-1"]
[WhiteElo "1910"]
[BlackElo "2195"]
[PlyCount "50"]
[EventDate "2020.??.??"]

1. e4 c5 2. Nf3 e6 3. d4 cxd4 4. Nxd4 a6 5. Nc3 Qc7 6. g3 Nf6 7. Bg2 Nc6 8. O-O
Be7 9. f4 d6 10. Nxc6 bxc6 11. g4 h5 12. g5 Ng4 13. h3 Qa7+ 14. Kh1 Nf2+ 15.
Rxf2 Qxf2 16. f5 exf5 17. exf5 d5 18. g6 O-O 19. gxf7+ Rxf7 20. Bd2 Bxf5 21.
Be1 Qb6 22. Nxd5 cxd5 23. Bxd5 Be4+ 24. Bxe4 Rf1+ 25. Kg2 Qg1# 0-1

[Event "Open Nuevo Centro. Jornada 5"]
[Site "Chess.com"]
[Date "2020.07.17"]
[Round "5"]
[White "Donate Moreno, David"]
[Black "Yuste Valenzuela, Alejandro"]
[Result "0-1"]
[WhiteElo "1585"]
[BlackElo "1850"]
[PlyCount "56"]
[EventDate "2020.??.??"]

1. e4 c5 2. Nf3 d6 3. d4 cxd4 4. Nxd4 Nf6 5. Nc3 g6 6. Be3 Bg7 7. f3 O-O 8. g4
Nc6 9. Qd2 Be6 10. O-O-O Nxd4 11. Bxd4 Qa5 12. a3 Rfc8 13. h4 h5 14. Bh3 b5 15.
gxh5 Nxh5 16. Bxe6 fxe6 17. Rhg1 Bxd4 18. Qxd4 Nf4 19. Qf2 b4 20. axb4 Qxb4 21.
Qg3 Rab8 22. Qxf4 Qxb2+ 23. Kd2 Qxc3+ 24. Ke2 Qxc2+ 25. Ke1 Qc3+ 26. Ke2 Rb2+
27. Kf1 Qc4+ 28. Ke1 Qe2# 0-1

[Event "Open Nuevo Centro. Jornada 5"]
[Site "Chess.com"]
[Date "2020.07.17"]
[Round "5"]
[White "Randazzo, Adrián"]
[Black "Silva Rodriguez, Fernando"]
[Result "1-0"]
[WhiteElo "2491"]
[BlackElo "2428"]
[PlyCount "51"]
[EventDate "2020.??.??"]

1. e4 d5 2. exd5 Nf6 3. d4 Bg4 4. Nf3 Qxd5 5. Be2 Nc6 6. c4 Qf5 7. O-O O-O-O 8.
Be3 e5 9. d5 Bxf3 10. Bxf3 e4 11. Be2 Bd6 12. h3 a6 13. Nc3 Ne5 14. c5 Be7 15.
Qa4 Nd3 16. c6 h5 17. cxb7+ Kxb7 18. Qc6+ Kb8 19. Qxa6 Nc5 20. Qa5 Rxd5 21.
Nxd5 Qxd5 22. Rac1 Nfd7 23. b4 Bd6 24. bxc5 Qe5 25. Qb4+ Nb6 26. cxd6 1-0

[Event "Open Nuevo Centro. Jornada 5"]
[Site "Chess.com"]
[Date "2020.07.17"]
[Round "5"]
[White "Llorens Ferrer, Francisco"]
[Black "Castellano López, Javier"]
[Result "1-0"]
[WhiteElo "1618"]
[BlackElo "1845"]
[PlyCount "67"]
[EventDate "2020.??.??"]

1. e4 d5 2. exd5 Qxd5 3. Nc3 Qa5 4. d4 c6 5. Bc4 Nf6 6. Nf3 Bg4 7. h3 Bh5 8.
O-O e6 9. Bd2 Qc7 10. Re1 Bd6 11. d5 cxd5 12. Bxd5 O-O 13. Nb5 Qb6 14. Bxb7
Qxb7 15. Nxd6 Qxb2 16. Nc4 Qb5 17. Nce5 Nc6 18. c4 Qa6 19. g4 Nxe5 20. Nxe5 Bg6
21. Qf3 Rad8 22. Bg5 Rd2 23. Bxd2 Rc8 24. Bb4 Qb6 25. Be7 Ne8 26. Rad1 a5 27.
c5 Qc7 28. Rd7 Qb8 29. c6 Qb5 30. h4 h6 31. h5 Rc7 32. hxg6 Rxd7 33. Qxf7+ Kh8
34. Qf8# 1-0

[Event "Open Nuevo Centro. Jornada 5"]
[Site "Chess.com"]
[Date "2020.07.17"]
[Round "5"]
[White "Blanco Solaz, Ramón"]
[Black "Teply Koutsky, David"]
[Result "1/2-1/2"]
[WhiteElo "1930"]
[BlackElo "1638"]
[PlyCount "99"]
[EventDate "2020.??.??"]

1. Nf3 e6 2. c4 f5 3. d4 Nf6 4. Bg5 d5 5. Ne5 Be7 6. f4 Ne4 7. Bxe7 Qxe7 8. g3
c6 9. Bg2 Nd7 10. O-O h5 11. Bxe4 dxe4 12. Ng6 Qf6 13. Nxh8 h4 14. e3 g6 15.
Nxg6 Qxg6 16. Qe1 Nf6 17. Kh1 h3 18. Nc3 Bd7 19. Nd1 O-O-O 20. Nf2 Rh8 21. Qe2
Be8 22. Rg1 Ng4 23. Nxg4 fxg4 24. b4 Qf5 25. a4 Rh7 26. b5 c5 27. Rgd1 cxd4 28.
Rxd4 Bd7 29. Rad1 e5 30. Rd5 Re7 31. c5 Be6 32. Rxe5 Qf6 33. Rd6 Qf7 34. c6 Bc4
35. Qd2 Rxe5 36. Rd8+ Kc7 37. Qd6+ Kb6 38. Qxe5 Ka5 39. cxb7 Ba2 40. b8=Q Qc4
41. Qxa7+ Kb4 42. Qed4 Kb3 43. Qxc4+ Kxc4 44. Qd4+ Kb3 45. a5 Kc2 46. Rc8+ Kb1
47. Qd1+ Kb2 48. Qc2+ Ka1 49. Qc1+ Bb1 50. Rc2 1/2-1/2

[Event "Open Nuevo Centro. Jornada 5"]
[Site "Chess.com"]
[Date "2020.07.17"]
[Round "5"]
[White "Bascuñana Sánchez, Pablo"]
[Black "Roca Cruz, Rafael"]
[Result "1-0"]
[WhiteElo "1578"]
[BlackElo "1817"]
[PlyCount "59"]
[EventDate "2020.??.??"]

1. e4 c5 2. Nf3 e6 3. d3 Nc6 4. Be3 d6 5. Be2 Be7 6. Nbd2 Nf6 7. h3 O-O 8. O-O
Qc7 9. Re1 b5 10. c4 a6 11. b3 Bb7 12. Rc1 b4 13. d4 cxd4 14. Nxd4 Nxd4 15.
Bxd4 Nxe4 16. Nxe4 Bxe4 17. Bxg7 Kxg7 18. Qd4+ Bf6 19. Qxe4 a5 20. Bd3 Rh8 21.
Re3 Rag8 22. Rg3+ Kf8 23. Rxg8+ Rxg8 24. Qxh7 Qc5 25. Qe4 Bd4 26. Qf3 Ke7 27.
Re1 Rg7 28. Re2 f5 29. Bxf5 e5 30. Qd5 1-0

[Event "Open Nuevo Centro. Jornada 5"]
[Site "Chess.com"]
[Date "2020.07.17"]
[Round "5"]
[White "Garcia, Jhoel"]
[Black "Kovacevic, Slobodan"]
[Result "1-0"]
[WhiteElo "2463"]
[BlackElo "2194"]
[PlyCount "71"]
[EventDate "2020.??.??"]

1. e4 c5 2. Nf3 e6 3. d4 cxd4 4. Nxd4 a6 5. c4 Nf6 6. Nc3 Qc7 7. Be2 b6 8. O-O
Bb7 9. f3 Bd6 10. h3 Nh5 11. f4 Nxf4 12. Be3 Nxe2+ 13. Qxe2 O-O 14. Rad1 Be5
15. b3 b5 16. Rc1 bxc4 17. Na4 d5 18. exd5 Bxd5 19. bxc4 Bb7 20. c5 Nc6 21. Nf3
Bf4 22. Nb6 Rad8 23. Nc4 Nb4 24. Bxf4 Qxf4 25. Nd6 Bxf3 26. Qxf3 Qd4+ 27. Kh1
f6 28. Rfd1 Qe5 29. Re1 Qd5 30. Qxd5 exd5 31. Re7 Nxa2 32. Rb1 d4 33. Rbb7 Rxd6
34. Rxg7+ Kh8 35. Rxh7+ Kg8 36. Rbg7# 1-0

[Event "Open Nuevo Centro. Jornada 5"]
[Site "Chess.com"]
[Date "2020.07.17"]
[Round "5"]
[White "Gracia Calvo, Andrés"]
[Black "Donate Peris, Jose Manuel"]
[Result "1-0"]
[WhiteElo "1795"]
[BlackElo "1534"]
[PlyCount "101"]
[EventDate "2020.??.??"]

1. d4 Nf6 2. Nf3 d5 3. Bf4 e6 4. e3 Bd6 5. Bg3 Bd7 6. Bd3 Bxg3 7. hxg3 Qe7 8.
Nbd2 h6 9. Ne5 c5 10. c3 c4 11. Bc2 Bb5 12. g4 Nfd7 13. f4 Nxe5 14. dxe5 Nc6
15. Nf3 O-O-O 16. Nd4 Nxd4 17. exd4 f6 18. Qe2 fxe5 19. Qxe5 Qf6 20. Kd2 Rhf8
21. Qxf6 Rxf6 22. Rhf1 Rdf8 23. g3 g5 24. f5 exf5 25. Bxf5+ Kc7 26. Rfe1 Re8
27. Rxe8 Bxe8 28. Re1 Bg6 29. Re5 Bxf5 30. gxf5 Kd6 31. g4 Rf7 32. Re6+ Kd7 33.
Rxh6 Re7 34. Rg6 b5 35. Rxg5 a5 36. f6 Re4 37. Rg7+ Ke8 38. g5 Rf4 39. Ra7 b4
40. Rxa5 bxc3+ 41. bxc3 Rf5 42. Ra8+ Kf7 43. Ra7+ Kf8 44. Rg7 Rf2+ 45. Ke3 Rxa2
46. Kf4 Rf2+ 47. Ke5 Rf3 48. Kxd5 Rxc3 49. Rc7 Rc1 50. g6 c3 51. Rc8# 1-0

[Event "Open Nuevo Centro. Jornada 5"]
[Site "Chess.com"]
[Date "2020.07.17"]
[Round "5"]
[White "Rabbani Perez, Oumaima"]
[Black "Cebrian Granado, Fran"]
[Result "1/2-1/2"]
[WhiteElo "618"]
[BlackElo "557"]
[PlyCount "87"]
[EventDate "2020.??.??"]

1. e3 e5 2. d4 d6 3. dxe5 dxe5 4. Qxd8+ Kxd8 5. Nf3 Nc6 6. Nc3 Nf6 7. Nb5 a6 8.
Nc3 Bg4 9. Be2 Bb4 10. Bd2 Bf5 11. Nb1 Bxc2 12. Na3 Bxa3 13. bxa3 Ne4 14. Bb4
a5 15. Bxa5 Ke7 16. Bxc7 Rac8 17. Ba5 Nxa5 18. O-O Bb1 19. Raxb1 Nd2 20. Nxd2
Rc7 21. Nb3 Nxb3 22. Rxb3 Rhc8 23. h3 Rc1 24. Rxc1 Rxc1+ 25. Kh2 f5 26. Rxb7+
Kf6 27. a4 f4 28. exf4 exf4 29. a5 g5 30. a6 Ra1 31. a7 Rxa2 32. a8=Q Rxa8 33.
Bb5 Ra1 34. Rb6+ Kf5 35. Bd7+ Ke5 36. g3 fxg3+ 37. fxg3 h5 38. Rb5+ Kd4 39. h4
Ke3 40. hxg5 Kf3 41. g6 Rh1+ 42. Kxh1 Kxg3 43. g7 Kh4 44. g8=Q 1/2-1/2

[Event "Open Nuevo Centro. Jornada 5"]
[Site "Chess.com"]
[Date "2020.07.17"]
[Round "5"]
[White "Garrido Silos, Pablo"]
[Black "Birnoveanu, Petru"]
[Result "0-1"]
[WhiteElo "1441"]
[BlackElo "1688"]
[PlyCount "92"]
[EventDate "2020.??.??"]

1. e4 e6 2. Nf3 d5 3. exd5 exd5 4. Be2 Bg4 5. O-O Bd6 6. h3 Bh5 7. d4 c6 8. c3
Ne7 9. Bg5 f6 10. Bh4 O-O 11. Nbd2 Qc7 12. Re1 Bxf3 13. Nxf3 g5 14. Nxg5 fxg5
15. Bxg5 Ng6 16. Bh5 Bf4 17. Bxf4 Qxf4 18. Qe2 Na6 19. Bxg6 hxg6 20. Qe6+ Kg7
21. Qe5+ Qxe5 22. Rxe5 Rae8 23. Rae1 Rxe5 24. Rxe5 Nc7 25. Re7+ Rf7 26. Re5 Kf6
27. g3 Re7 28. f4 Rh7 29. Kg2 Ne6 30. h4 Ng7 31. Kf3 Nf5 32. Kg4 Nd6 33. Kf3
Nc4 34. b3 Nxe5+ 35. fxe5+ Ke6 36. Kf4 Rh5 37. Ke3 Rf5 38. g4 Rf8 39. h5 gxh5
40. gxh5 Rh8 41. c4 Rxh5 42. cxd5+ cxd5 43. Kd3 Rh3+ 44. Kc2 b5 45. b4 a6 46.
Kb2 Rd3 0-1

[Event "Open Nuevo Centro. Jornada 5"]
[Site "Chess.com"]
[Date "2020.07.17"]
[Round "5"]
[White "Lloret Ramis, Juan José"]
[Black "Carbonell Bofill, Carlos Eloy"]
[Result "1-0"]
[WhiteElo "1995"]
[BlackElo "1987"]
[PlyCount "105"]
[EventDate "2020.??.??"]

1. c4 e5 2. Nc3 f5 3. d4 exd4 4. Qxd4 Nc6 5. Qe3+ Qe7 6. Nd5 Qxe3 7. Bxe3 Bb4+
8. Kd1 Kd8 9. Nf3 Nge7 10. Ng5 Rf8 11. Nxh7 Nxd5 12. cxd5 Ne5 13. Nxf8 Bxf8 14.
Kc2 c5 15. dxc6 bxc6 16. Bd4 Nf7 17. e3 d5 18. Be2 Be6 19. Rhd1 Kc7 20. Rac1 g5
21. Kb1 Bd6 22. h3 a5 23. Bc5 Be5 24. Bd4 Bd6 25. g3 f4 26. gxf4 gxf4 27. h4
fxe3 28. fxe3 Bf5+ 29. Ka1 a4 30. Rf1 Nh6 31. Bg7 Bh3 32. Bxh6 Bxf1 33. Rxf1 a3
34. Bf4 axb2+ 35. Kxb2 Rb8+ 36. Kc2 Ra8 37. Bxd6+ Kxd6 38. Kb2 Rb8+ 39. Ka1 Re8
40. Rf3 c5 41. Rh3 d4 42. exd4 Rxe2 43. dxc5+ Kxc5 44. h5 Re7 45. h6 Rh7 46.
Rh5+ Kb4 47. Kb2 Ka4 48. a3 Rb7+ 49. Ka2 Rh7 50. Rh4+ Ka5 51. Kb3 Rb7+ 52. Kc4
Rh7 53. Kd5 1-0

[Event "Open Nuevo Centro. Jornada 5"]
[Site "Chess.com"]
[Date "2020.07.17"]
[Round "5"]
[White "Morata Briones, Carlos"]
[Black "Soliva Ruiz, Ramon"]
[Result "0-1"]
[WhiteElo "962"]
[BlackElo "1478"]
[PlyCount "110"]
[EventDate "2020.??.??"]

1. e4 c5 2. Qh5 e6 3. Bc4 Nf6 4. Qf3 a6 5. e5 Ng8 6. Nh3 Nc6 7. Ng5 Qxg5 8. Nc3
b5 9. d3 Qf5 10. Qxf5 exf5 11. Bd5 Nge7 12. Bf3 Rb8 13. Bf4 Ng6 14. Bg3 f4 15.
Bxf4 Nxf4 16. O-O Nd4 17. Rfe1 Nxc2 18. Re4 Nxa1 19. Rxf4 Nc2 20. Bh5 g6 21.
Bd1 Nd4 22. h3 Bg7 23. e6 Nxe6 24. Re4 Bb7 25. Re3 O-O 26. Bf3 Bxf3 27. Rxf3
Nd4 28. Rf4 Rfe8 29. Nd5 Ne2+ 30. Kf1 Nxf4 31. Nxf4 Bxb2 32. Ne2 Rxe2 33. Kxe2
c4 34. Kd2 c3+ 35. Kc2 d5 36. d4 Re8 37. Kb1 Re2 38. g4 Rxf2 39. h4 Rf4 40. h5
Rxg4 41. hxg6 Rxd4 42. gxf7+ Kxf7 43. Kc2 Rd2+ 44. Kb1 h5 45. a3 h4 46. a4 h3
47. a5 h2 48. Ka2 h1=Q 49. Kb3 Qd1+ 50. Kb4 Qa4+ 51. Kc5 Ba3+ 52. Kb6 Qd4+ 53.
Kb7 Re2 54. Kxa6 Re6+ 55. Kxb5 Qb4# 0-1

[Event "Open Nuevo Centro. Jornada 5"]
[Site "Chess.com"]
[Date "2020.07.17"]
[Round "5"]
[White "Zamora Soler, Raul"]
[Black "Martin Ayala, David"]
[Result "1-0"]
[WhiteElo "1822"]
[BlackElo "1992"]
[PlyCount "85"]
[EventDate "2020.??.??"]

1. e4 d5 2. exd5 Nf6 3. Nc3 Nxd5 4. Nxd5 Qxd5 5. Nf3 Bg4 6. Be2 Nc6 7. O-O e5
8. d3 O-O-O 9. Nd2 Bxe2 10. Qxe2 Bd6 11. Ne4 Nd4 12. Nxd6+ Rxd6 13. Qg4+ f5 14.
Qh3 Rg6 15. Be3 Nxc2 16. Rac1 Nxe3 17. fxe3 Qxd3 18. Rxf5 Kb8 19. Rcf1 Rd8 20.
Rxe5 a6 21. Ref5 Qc2 22. R5f2 Qe4 23. Qf3 Qe5 24. Qf4 Qxf4 25. exf4 Rgd6 26. g3
Rd2 27. Rxd2 Rxd2 28. Rf2 Rd1+ 29. Kg2 c5 30. Rc2 b6 31. Kf3 Kc7 32. b4 Kc6 33.
bxc5 bxc5 34. Ke4 g6 35. Ke5 Rd8 36. Kf6 Kd5 37. Rd2+ Kc4 38. Rxd8 Kc3 39. Ra8
Kb2 40. Rxa6 c4 41. Rc6 c3 42. a4 c2 43. a5 1-0

[Event "Open Nuevo Centro. Jornada 5"]
[Site "Chess.com"]
[Date "2020.07.17"]
[Round "5"]
[White "Garcia Trobat, Francisco"]
[Black "Reig Albero, Ferran"]
[Result "1-0"]
[WhiteElo "2155"]
[BlackElo "1854"]
[PlyCount "73"]
[EventDate "2020.??.??"]

1. Nf3 Nf6 2. d4 e6 3. Bf4 c5 4. e3 b6 5. Nbd2 Bb7 6. Bd3 Be7 7. c3 Nc6 8. h3
O-O 9. Qe2 Rc8 10. g4 d6 11. Bg3 Re8 12. Rd1 cxd4 13. cxd4 Nb4 14. O-O Nxd3 15.
Qxd3 Qd7 16. g5 Nd5 17. a3 Qa4 18. e4 Ba6 19. Qb1 Bxf1 20. Nxf1 Nc7 21. Ne3 Nb5
22. d5 e5 23. Nf5 Bf8 24. Rd2 Qc4 25. Kg2 Rc7 26. Ne3 Qc1 27. Qd3 a6 28. a4 Nd4
29. Nxd4 exd4 30. Qxd4 Rec8 31. Ng4 Rc4 32. Qd3 b5 33. axb5 axb5 34. e5 dxe5
35. Bxe5 Rd8 36. d6 Rc6 37. Qg3 1-0

[Event "Open Nuevo Centro. Jornada 5"]
[Site "Chess.com"]
[Date "2020.07.17"]
[Round "5"]
[White "Pedros Viudes, Santiago"]
[Black "Sampedro Roig, Josep Francesc"]
[Result "1-0"]
[WhiteElo "1946"]
[BlackElo "1688"]
[PlyCount "83"]
[EventDate "2020.??.??"]

1. d4 g6 2. Nf3 Nf6 3. Bf4 Bg7 4. e3 O-O 5. Be2 c5 6. c3 d6 7. O-O e6 8. h3 Nc6
9. Nbd2 cxd4 10. exd4 Qe7 11. Nc4 Rd8 12. Re1 Nd5 13. Bh2 b5 14. Ne3 Nxe3 15.
fxe3 Bb7 16. Bxb5 e5 17. Qb3 Rab8 18. Qa4 Qc7 19. Re2 a6 20. Bd3 Re8 21. Nd2
Ne7 22. Rf1 d5 23. e4 Qb6 24. exd5 Nxd5 25. Nc4 Qb5 26. Qxb5 axb5 27. Nxe5 b4
28. c4 Nf6 29. d5 Rbd8 30. Nf3 Rxe2 31. Bxe2 Ne4 32. Bd3 Nc5 33. Ne1 Ra8 34. a3
bxa3 35. bxa3 Rxa3 36. Be2 Re3 37. Bf3 Rc3 38. Bd6 Nd7 39. Bg4 Bd4+ 40. Kh1 Ne5
41. Bxe5 Bxe5 42. Nf3 1-0

[Event "Open Nuevo Centro. Jornada 5"]
[Site "Chess.com"]
[Date "2020.07.17"]
[Round "5"]
[White "Macias Pino, Diego"]
[Black "Granero Roca, Antonio"]
[Result "0-1"]
[WhiteElo "2266"]
[BlackElo "2445"]
[PlyCount "114"]
[EventDate "2020.??.??"]

1. d4 Nf6 2. Nf3 g6 3. Bf4 Bg7 4. Nbd2 d5 5. e3 O-O 6. Bd3 c6 7. c3 Bf5 8. Bxf5
gxf5 9. Ne5 Nbd7 10. Qc2 e6 11. f3 Nh5 12. Nxd7 Qxd7 13. Be5 f6 14. Bg3 e5 15.
Bf2 f4 16. g4 fxe3 17. Bxe3 Nf4 18. Bxf4 exf4 19. O-O-O Rae8 20. Rde1 Re3 21.
h4 Rfe8 22. Qd1 f5 23. g5 Qe6 24. Reg1 Re2 25. h5 Qe3 26. h6 Bh8 27. g6 hxg6
28. Rxg6+ Kh7 29. Rgg1 c5 30. Kb1 Qxd2 31. Qb3 Re1+ 32. Rxe1 Rxe1+ 33. Rxe1
Qxe1+ 34. Kc2 Qe2+ 35. Kc1 Qe3+ 36. Kc2 cxd4 37. Qxb7+ Kxh6 38. Qc6+ Kg5 39.
Qxd5 Bg7 40. Qf7 Qe5 41. cxd4 Qxd4 42. Qb7 Qf2+ 43. Kc1 Qe3+ 44. Kc2 Qd4 45.
Qb5 Kh4 46. Qxf5 Qxb2+ 47. Kd1 Qa1+ 48. Ke2 Qxa2+ 49. Kf1 Qa1+ 50. Kg2 Qb2+ 51.
Kg1 Qc1+ 52. Kh2 Qd2+ 53. Kh1 Qe1+ 54. Kh2 Qg3+ 55. Kh1 Qxf3+ 56. Kh2 Qg3+ 57.
Kh1 Qh3+ 0-1

[Event "Open Nuevo Centro. Jornada 5"]
[Site "Chess.com"]
[Date "2020.07.17"]
[Round "5"]
[White "Luque Saiz, Andrés"]
[Black "Chernikov, Vladimir"]
[Result "0-1"]
[WhiteElo "1944"]
[BlackElo "2203"]
[PlyCount "122"]
[EventDate "2020.??.??"]

1. e4 c5 2. Nf3 Nc6 3. Bb5 g6 4. Bxc6 dxc6 5. d3 Bg7 6. h3 e5 7. O-O Qc7 8. Be3
b6 9. a4 Ne7 10. a5 Rb8 11. Nbd2 O-O 12. axb6 axb6 13. Nh2 f5 14. Nc4 f4 15.
Bd2 b5 16. Ba5 Qa7 17. Bc3 Qc7 18. Ba5 Qa7 19. Bc3 Qb7 20. Nd6 Qd7 21. Nxc8
Rbxc8 22. Nf3 Qe6 23. b3 h6 24. Qe2 Ra8 25. Rxa8 Rxa8 26. Ra1 Rxa1+ 27. Bxa1 g5
28. Kh2 Ng6 29. Ne1 Kh7 30. c4 Qd7 31. Qg4 Qa7 32. Bc3 b4 33. Bd2 Qa2 34. Qd1
Nf8 35. Qc2 Qa7 36. Nf3 Ne6 37. g4 fxg3+ 38. fxg3 Qa1 39. Qc1 Qa2 40. Qd1 Bf6
41. Kg1 Kg6 42. g4 Nf4 43. Bxf4 exf4 44. Nd2 Bd4+ 45. Kg2 Be3 46. Kf3 Qxd2 47.
Qxd2 Bxd2 48. Ke2 Bc3 49. Kf3 Be5 50. Ke2 h5 51. Kf3 Kh6 52. Ke2 Kg6 53. Kf3
Bb2 54. Ke2 hxg4 55. hxg4 Kf6 56. Kf3 Ke5 57. Ke2 Kd4 58. Kd2 Bc3+ 59. Ke2 f3+
60. Kxf3 Kxd3 61. e5 Bxe5 0-1

[Event "Open Nuevo Centro. Jornada 5"]
[Site "Chess.com"]
[Date "2020.07.17"]
[Round "5"]
[White "Gil López, Alejandro"]
[Black "Movsisyan, Tigran"]
[Result "1-0"]
[WhiteElo "2159"]
[BlackElo "1872"]
[PlyCount "121"]
[EventDate "2020.??.??"]

1. e4 c5 2. Nf3 e6 3. c4 Nc6 4. Nc3 d6 5. d4 cxd4 6. Nxd4 a6 7. Nxc6 bxc6 8. e5
d5 9. cxd5 cxd5 10. Be2 Bb4 11. O-O Bxc3 12. bxc3 Ne7 13. Rb1 O-O 14. Bd3 Bd7
15. Qh5 g6 16. Qh4 Nf5 17. Qf4 Bb5 18. Rd1 Qh4 19. g4 Ng7 20. Ba3 Rfc8 21. Rbc1
Nh5 22. Qf3 Ng7 23. c4 dxc4 24. Bxc4 Bxc4 25. Rxc4 h5 26. Rd7 Nf5 27. Rxc8+
Rxc8 28. gxf5 Qg5+ 29. Qg3 Qxf5 30. h4 Rc4 31. Qd3 Rg4+ 32. Kf1 Qxd3+ 33. Rxd3
Rxh4 34. Be7 Re4 35. Bf6 g5 36. Rg3 g4 37. f3 Rf4 38. Kg2 Kh7 39. fxg4 hxg4 40.
Ra3 Kg6 41. Rxa6 Kf5 42. Ra3 Rc4 43. Kg3 Rc2 44. Ra7 Rc1 45. Rxf7 Rc3+ 46. Kg2
Rc2+ 47. Kg1 Rc1+ 48. Kf2 Rc2+ 49. Ke3 Kg6 50. Rg7+ Kh6 51. Rxg4 Rxa2 52. Rh4+
Kg6 53. Rg4+ Kf7 54. Rg7+ Ke8 55. Re7+ Kf8 56. Rxe6 Ra3+ 57. Ke4 Ra4+ 58. Kf5
Ra1 59. Rb6 Rf1+ 60. Ke6 Rc1 61. Rb8+ 1-0

[Event "Open Nuevo Centro. Jornada 5"]
[Site "Chess.com"]
[Date "2020.07.17"]
[Round "5"]
[White "Yatseta Fernandez, Marc Kazymyr"]
[Black "Cayon Pelaez, Pablo"]
[Result "1-0"]
[WhiteElo "1555"]
[BlackElo "1786"]
[PlyCount "137"]
[EventDate "2020.??.??"]

1. d4 d5 2. c4 c6 3. g3 Nf6 4. Nf3 e6 5. Bg2 Bd6 6. O-O O-O 7. Be3 dxc4 8. Nbd2
b5 9. a4 Bb7 10. Ng5 Qd7 11. Nge4 Be7 12. Nc5 Bxc5 13. dxc5 Nd5 14. Bf4 Nxf4
15. gxf4 Qd4 16. axb5 Qxc5 17. bxc6 Bxc6 18. Ne4 Bxe4 19. Bxe4 Nc6 20. Qc2 f5
21. Bf3 Nd4 22. Qc3 Nxf3+ 23. Qxf3 Qd5 24. Qxd5 exd5 25. Rfd1 Rfd8 26. Rd4 Kf7
27. Rad1 Ke6 28. Kg2 a5 29. f3 a4 30. e4 a3 31. exd5+ Kf6 32. bxa3 Rxa3 33.
Rxc4 Ra2+ 34. Kg3 Ra5 35. d6 Ke6 36. Rc6 Rd7 37. Rc7 Ra7 38. Rxa7 Rxa7 39. Kh4
Rd7 40. Kg5 g6 41. Kh6 Kf6 42. h4 Ke6 43. h5 Kf6 44. hxg6 hxg6 45. Rg1 Rg7 46.
d7 Rxd7 47. Rxg6+ Kf7 48. Kg5 Rd5 49. Rf6+ Ke7 50. Rxf5 Rd6 51. Re5+ Kf7 52.
Ra5 Rd7 53. f5 Kg7 54. f6+ Kf7 55. Kf5 Rd8 56. Ra7+ Kf8 57. Kg6 Rc8 58. f4 Rd8
59. Rf7+ Ke8 60. Kg7 Rd2 61. Re7+ Kd8 62. Kf8 Rh2 63. Kg7 Rg2+ 64. Kh6 Rh2+ 65.
Kg5 Rg2+ 66. Kf5 Rg8 67. Ke6 Rg1 68. Rd7+ Kc8 69. f7 1-0

[Event "Open Nuevo Centro. Jornada 5"]
[Site "Chess.com"]
[Date "2020.07.17"]
[Round "5"]
[White "Pallardo Lozoya, Jose Vicente"]
[Black "Donate Moreno, Silvia"]
[Result "1-0"]
[WhiteElo "2241"]
[BlackElo "2006"]
[PlyCount "125"]
[EventDate "2020.??.??"]

1. e4 c5 2. Nc3 g6 3. g3 Bg7 4. Bg2 Nc6 5. d3 d6 6. Be3 e6 7. Qd2 Nd4 8. Nd1
Ne7 9. c3 Ndc6 10. Bh6 O-O 11. h4 f5 12. h5 Rf7 13. hxg6 hxg6 14. Bxg7 Rxg7 15.
Qh6 Kf7 16. Nf3 Ng8 17. Ng5+ Kf8 18. Qh4 Bd7 19. Ne3 Ne5 20. O-O-O Nf7 21. f4
Nxg5 22. fxg5 Qa5 23. Kb1 Rc8 24. Rhf1 Ne7 25. g4 Kg8 26. exf5 exf5 27. gxf5
Bxf5 28. Qc4+ Kf8 29. Bxb7 Rb8 30. Be4 Qb6 31. b3 Rf7 32. Nxf5 gxf5 33. g6 Nxg6
34. Bxf5 Ne5 35. Qd5 Qb7 36. Be6 Qxd5 37. Bxd5 Rxf1 38. Rxf1+ Ke7 39. d4 cxd4
40. cxd4 Rb5 41. Bg8 Nd7 42. Bc4 Rh5 43. Re1+ Kd8 44. Kb2 Kc7 45. Re2 Nb6 46.
Rd2 Nxc4+ 47. bxc4 Rh3 48. Rc2 Kc6 49. Rc3 Rh2+ 50. Kb3 a5 51. a4 Kb6 52. Rf3
Rh1 53. Rf6 Rh3+ 54. Kc2 Rh2+ 55. Kd3 Kc7 56. Ke4 Rc2 57. Kd5 Rd2 58. Rf7+ Kb6
59. Rd7 Rd1 60. Rxd6+ Kc7 61. Ra6 Kb7 62. Rxa5 Rb1 63. Rb5+ 1-0

[Event "Open Nuevo Centro. Jornada 5"]
[Site "Chess.com"]
[Date "2020.07.17"]
[Round "5"]
[White "Montesinos Diaz, Luis"]
[Black "Gimeno Higueras, Roberto"]
[Result "0-1"]
[WhiteElo "1721"]
[BlackElo "2085"]
[PlyCount "114"]
[EventDate "2020.??.??"]

1. d4 Nf6 2. Nf3 b6 3. Bf4 Bb7 4. e3 d6 5. c3 g6 6. Nbd2 Bg7 7. Bc4 O-O 8. h3
Nbd7 9. O-O c5 10. Re1 Rc8 11. a4 h6 12. Qe2 Kh7 13. Rad1 Qc7 14. e4 e5 15.
dxe5 dxe5 16. Bg3 Nh5 17. Bh2 f5 18. exf5 Rxf5 19. g4 Nf4 20. Bxf4 Rxf4 21. Bd3
Rcf8 22. Nh4 Rxf2 23. Qxf2 Rxf2 24. Kxf2 e4 25. Nxe4 Qh2+ 26. Ke3 Qxh3+ 27. Nf3
Ne5 28. Rf1 Nxg4+ 29. Ke2 Qg2+ 30. Ke1 Ne3 31. Rf2 Qh1+ 32. Ke2 Nxd1 33. Rf1
Qg2+ 34. Kxd1 Qxb2 35. Nfd2 Qa1+ 36. Ke2 Qxa4 37. Rf7 Bd5 38. Nf6+ Kh8 39. Nxd5
Qg4+ 40. Rf3 Qe6+ 41. Ne3 Bxc3 42. Bc4 Qe8 43. Nb1 Bd4 44. Nd2 b5 45. Bd3 c4
46. Bc2 a5 47. Ndf1 b4 48. Rf4 Bxe3 49. Nxe3 b3 50. Bb1 c3 51. Rc4 Qb5 52. Bd3
c2 53. Rxc2 Qh5+ 54. Kd2 bxc2 55. Kxc2 a4 56. Kb2 Qe5+ 57. Kc2 Qxe3 0-1

[Event "Open Nuevo Centro. Jornada 5"]
[Site "Chess.com"]
[Date "2020.07.17"]
[Round "5"]
[White "Cantero Navarro, Antonio"]
[Black "Vega Gutiérrez, Sabrina"]
[Result "1-0"]
[WhiteElo "1913"]
[BlackElo "2154"]
[PlyCount "113"]
[EventDate "2020.??.??"]

1. e4 c5 2. Nf3 Nc6 3. Bb5 Nf6 4. d3 Qc7 5. O-O e5 6. a4 Be7 7. Nc3 Nd4 8. Bc4
O-O 9. Bg5 d6 10. Bxf6 Bxf6 11. h3 Be6 12. Nd5 Qd8 13. c3 Nxf3+ 14. Qxf3 Bg5
15. Qg3 Kh8 16. Ne3 Bf4 17. Qf3 Qd7 18. Bb5 Qe7 19. Nd5 Bxd5 20. exd5 f5 21.
Rfe1 Qh4 22. Rad1 g5 23. d4 g4 24. Qd3 e4 25. g3 Qxh3 26. Qf1 Qxf1+ 27. Kxf1
Bg5 28. dxc5 dxc5 29. d6 a6 30. Bc4 Rad8 31. d7 Kg7 32. Rd5 h6 33. Red1 f4 34.
Kg2 f3+ 35. Kf1 e3 36. fxe3 Bxe3 37. R5d3 Bg5 38. Be6 Bf6 39. Bxg4 Be5 40. Kf2
c4 41. Rxf3 Rxf3+ 42. Bxf3 b6 43. Bb7 a5 44. Ba6 Kf6 45. Bxc4 Ke7 46. Bb5 Rf8+
47. Kg2 Rg8 48. Rd3 Bc7 49. Re3+ Kd6 50. Re8 Rg7 51. d8=Q+ Bxd8 52. Rxd8+ Kc5
53. Rc8+ Kd5 54. Rc6 h5 55. Kh3 Rb7 56. Rh6 Ke4 57. Bc6+ 1-0